Normal view
MARC view
- Pensamiento
Entry Materia
001 - NÚMERO DE CONTROL DEL REGISTRO
- campo de control: 47306
003 - IDENTIFICADOR DE NUMERO DE CONTROL
- campo de control: UPN
005 - FECHA Y HORA DE LA ÚLTIMA TRANSACCIÓN
- campo de control: 20221109124103.0
008 - DATOS DE LONGITUD FIJA
- campo de control de longitud fija: 221109|| aca||babn | a|a d
040 ## - FUENTE DE LA CATALOGACIÓN
- Centro catalogador de origen: MX-MxUPN
- Lengua de catalogación: spa
- Agencia de transcripción: MX-MxUPN
046 ## - FECHAS CON CODIFICACIÓN ESPECIAL
- Fecha final para contenidos agregados: 221109
150 ## - ENCABEZAMIENTO - TEMÁTICO
- Término de materia o nombre geográfico como elemento inicial: Pensamiento
- Subdivisión de materia general: Estudio y enseñanza
- Subdivisión de forma: Congresos
450 ## - VÉASE - MATERIA
- Encabezamiento temático: Thought and thinking
- Subdivisión temática general: Study and teaching
- Subdivisión de forma: Congresses
670 ## - FUENTE EN LA QUE SE LOCALIZARON DATOS
- Cita de la fuente: Biblioteca del Congreso (Estados Unidos), 09 noviembre 2022:
- Información localizada: catálogo electrónico (Thought and thinking -- Study and teaching -- Congresses)
902 ## - CATALOGADOR
- Catalogador: NDAF/091122
